000 00343nam a2200133Ia 4500
008 230917s9999||||xx |||||||||||||| ||und||
040 _e150279
_aMAIN
041 _aEnglish
082 _aB G (M) 151C
100 _aMahatma Gandhi
245 0 _aCollected works of Mahatama Gandhi
260 _aNew delhi
_bGovernment of India
_c480
942 _cBK
999 _c66840
_d66840